000 00905cam a2200289 i 4500
001 41431
003 Mx-PuUPA
005 20250409094251.0
008 140415s2024 mx a gr 000 0 spa d
020 _a9786075696102
040 _aMx-PuUPA
_bspa
_cMx-PuUPA
_dMx-PuUPA
_erda
041 _aspa
100 1 _aMalaisi, Lucas J. J.
_eautor
245 1 0 _aNutrición emocional :
_bamarnos para amar y ser amados /
_cLucas J. J. Malaisi
264 1 _aCiudad de México :
_bEdiciones Culturales Paidós,
_c©2024
300 _a432 páginas :
_bilustraciones ;
_c23 cm
336 _2rdacontent
_atexto
_btxt
337 _2rdamedia
_asin medio
_bn
338 _2rdacarrier
_avolumen
_bnc
502 _a
650 7 _2armarc
_a
_913986
700 1 _e
942 _2ddc
_cLI
_hxx
_ixx
_n
999 _c41431
_d41431